000 00369 a2200157 4500
001 14511
020 _a9788555431098
040 _cAnchieta - Aquarius
100 _aVainio, Pirkko
240 1 0 _aPara aqueles que querem voar
_lpor
245 1 0 _aPara aqueles que querem voar
300 _a46p.
362 0 _a2018
650 4 _aLiteratura infanto-juvenil
942 _cBK
999 _c14511
_d14511